000 00632nam a2200229Ia 4500
003 OSt
005 20220924121638.0
006 a|||||r|||| 00| 0
007 ta
008 220923b |||||||| |||| 00| 0 urd d
024 _a313972
037 _cTextual
040 _aARTS
_cARTS
_burd
041 _2urd
_aurd
082 _aO168,1MFA2,1, E2
100 _aGobind Prashad
_9186746
245 0 _aShireen Khusro Nazm ma-e-Tasveer
260 _aKanpur
_bMunshi Naval Kishore India
_c1912
650 _aURDU POETRY
942 _hO168,1MFA2,1, E2
_cTEXL
_2CC
999 _c408406
_d408406